| 000 | 00738nam a2200205 u 4500 | ||
|---|---|---|---|
| 005 | 20220530120057.0 | ||
| 008 | 100527s2000 r 000 0 eng d | ||
| 020 | _a9789687559230 | ||
| 035 | _aUPN01000176160 | ||
| 049 | _aI | ||
| 050 | 4 |
_aQL676.2 _bH4.7 |
|
| 100 | 1 | _aHernández Vázquez, Salvador | |
| 245 | 1 | 0 |
_aSal a pajarear : _bguía de campo : aves de la península El Tamarindo y área aledañas / _cSalvador Hernández Vázquez ; il. Rodrigo Esparza Salas. |
| 260 |
_aMéxico : _bFundación de la Costa de Jalisco, _c[200-]. |
||
| 300 |
_a226 p. : _bil. col. |
||
| 650 | 4 |
_aAVES - _vLITERATURA JUVENIL _94147 |
|
| 650 | 2 |
_aAves _xHábitos y comportamiento _94145 |
|
| 700 | 1 |
_aEsparza Salas, Rodrigo, _eil. |
|
| 905 | _aInfantil | ||
| 999 |
_c148263 _d148263 |
||